• 首页
  • 本馆介绍
  • 公告通知
  • 最新文献
  • 馆藏检索
  • 电子资源
  • 读者导购
  • 参考咨询
  • 我的图书馆
  • 登录
  • 详细信息显示
  • 放入我的书架
  • 预约/预借图书
  • 作者相关作品
  • 分类相关作品
  • 丛书相关作品
  • 出版社相关作品

书目信息

  • 表格格式
  • 工作单格式
  • 卡片格式
题名:
融合与创新
    
 
作者: 陈薇 著
分册:  
出版信息: 长春   吉林人民出版社  2020.10
页数: 164页
开本: 24cm
丛书名:
单 册:
中图分类: J616.22
科图分类:
主题词: 民族声乐--声乐艺术--研究--中国
电子资源:
ISBN: 978-7-206-17542-8
000 00970nam0 2200241 45
001 489948
005 20140817105238.0
010    @a978-7-206-17542-8@dCNY45.00
100    @a20210412d2020 em y0chiy0110 ea
101 0  @achi
102    @aCN@b220000
105    @ag z 000yy
106    @ar
200 1  @a融合与创新@Arong he yu chuang xin@e中国民族声乐艺术的历史发展与实践研究@f陈薇著
210    @a长春@c吉林人民出版社@d2020.10
215    @a164页@d24cm
330    @a本书以中国民族声乐艺术的历史沿革与艺术风格作为研究对象,利用文献研究法、描述性研究法、比较研究法等,对中国民族声乐艺术从古代的形成直至今天的发展脉络进行梳理,并对在发展中出现的不同艺术风格,如戏曲与曲艺唱法艺术风格、原生态唱法艺术风格、民族唱法艺术风格等给予定位、归纳和总结。
517 1  @a中国民族声乐艺术的历史发展与实践研究
606 0  @a民族声乐@x声乐艺术@x研究@y中国
690    @aJ616.22@v5
701  0 @a陈薇@Achen wei@4著
801    @aCN@b江苏凤凰@c20211018
905    @b1355021-4@dJ616.22@e1420@f4
    
    融合与创新:中国民族声乐艺术的历史发展与实践研究/陈薇著.-长春:吉林人民出版社,2020.10
    164页;24cm
    
    
    ISBN 978-7-206-17542-8:CNY45.00
    本书以中国民族声乐艺术的历史沿革与艺术风格作为研究对象,利用文献研究法、描述性研究法、比较研究法等,对中国民族声乐艺术从古代的形成直至今天的发展脉络进行梳理,并对在发展中出现的不同艺术风格,如戏曲与曲艺唱法艺术风格、原生态唱法艺术风格、民族唱法艺术风格等给予定位、归纳和总结。
●
相关链接 在E读中查询图书 在五车中查询图书 在当当中查询图书 在豆瓣中查询图书


正题名:融合与创新     索取号:J616.22/1420         预约/预借

序号 登录号 条形码 馆藏地/架位号 状态 备注
1 1355021   213550218   第一样本阅览室/ [索取号:J616.22/1420] 在馆    
2 1355022   213550227   第一借阅区/ [索取号:J616.22/1420] 在馆    
3 1355023   213550236   第一借阅区/ [索取号:J616.22/1420] 在馆    
4 1355024   213550245   第一借阅区/ [索取号:J616.22/1420] 在馆    
唐山师范学院图书馆 欢迎您!
大连网信软件有限公司© 版权所有